000
00243nam a2200097Ia 4500
001
987606
005
20250826221123.0
008
250824s9999 xx 000 0 und d
245
0
_a
KENDİNİ BULMAK
_c
İHSAN FAZILOĞLU
260
_b
KETEBE YAYINEVİ
999
_c
987606
_d
987606